Vi tính thật là đơn giản Tập 2 486 mẹo vặt khi sử dụng máy tính
Nội dụng đề cập đến các vấn đề như Windows-Ofice-Word; Cài đặt Windows 98; Cài đặt Windows 2000; Cài đặt Windows 95 và sự cố; Cài Office 97 và ABC; Cài đặt Windows 3.11;....
Đã lưu trong:
| Tác giả chính: | |
|---|---|
| Định dạng: | Sách |
| Năm xuất bản: |
H.
Văn hóa thông tin
2000
|
| Chủ đề: | |
| Tags: |
Thêm thẻ
Không có thẻ, Hãy là người đầu tiên gắn thẻ bản ghi này!
|
| LEADER | 00806nam a2200157 4500 | ||
|---|---|---|---|
| 082 | |a 004 |b D561M | ||
| 100 | |a Dương Mạnh Hùng | ||
| 245 | |a Vi tính thật là đơn giản |c Dương Mạnh Hùng sưu tầm và biên soạn |n Tập 2 |p 486 mẹo vặt khi sử dụng máy tính | ||
| 260 | |a H. |b Văn hóa thông tin |c 2000 | ||
| 300 | |a 303tr |c 29cm | ||
| 520 | |a Nội dụng đề cập đến các vấn đề như Windows-Ofice-Word; Cài đặt Windows 98; Cài đặt Windows 2000; Cài đặt Windows 95 và sự cố; Cài Office 97 và ABC; Cài đặt Windows 3.11;.... | ||
| 653 | |a Tin học | ||
| 653 | |a Máy tính | ||
| 942 | |2 ddc |c SH | ||
| 999 | |c 7466 |d 7466 | ||
| 952 | |0 0 |1 0 |2 ddc |4 0 |6 004_000000000000000_D561M |7 0 |8 000 |9 67813 |a qbu |b qbu |c D2 |d 2015-02-10 |g 42000 |o 004 D561M |p 7261.c1 |r 0000-00-00 |w 2015-02-10 |y SH | ||